ბათუმის შოთა რუსთაველის სახელმწიფო უნივერსიტეტის ბიბლიოთეკა

ძველი და ახალი (ბიბ.ჩანაწერი № 48346)

000 -LEADER
fixed length control field 00922nam a2200229Ia 4500
001 - CONTROL NUMBER
control field 15234
003 - CONTROL NUMBER IDENTIFIER
control field GE_BSU
008 - FIXED-LENGTH DATA ELEMENTS--GENERAL INFORMATION
fixed length control field 181216s||||||||xx |||||||||||||| ||und||
040 ## - CATALOGING SOURCE
Transcribing agency GE_BSU
080 ## - UNIVERSAL DECIMAL CLASSIFICATION NUMBER
Universal Decimal Classification number 821.353.1-11+821.353.1-1
100 ## - MAIN ENTRY--PERSONAL NAME
Personal name ჩარკვიანი,ჯანსუღ
245 ## - TITLE STATEMENT
Title ძველი და ახალი
245 ## - TITLE STATEMENT
Remainder of title ლირიკული პოემა და ლექსები სხვადასხვა წიგნებიდან
245 ## - TITLE STATEMENT
Statement of responsibility, etc. რედ.ვ.ჯავახაძე. მხატვ. დ.ერისთავი
260 ## - PUBLICATION, DISTRIBUTION, ETC.
Place of publication, distribution, etc. თბილისი
260 ## - PUBLICATION, DISTRIBUTION, ETC.
Name of publisher, distributor, etc. საბჭოთა საქართველო
260 ## - PUBLICATION, DISTRIBUTION, ETC.
Date of publication, distribution, etc. 1971
300 ## - PHYSICAL DESCRIPTION
Extent 226გვ.1ფ.პორტრ.21სმ.
653 ## - INDEX TERM--UNCONTROLLED
Uncontrolled term ლირიკული პოემა და ლექსები
653 ## - INDEX TERM--UNCONTROLLED
Uncontrolled term ძველი და ახალი
942 ## - ADDED ENTRY ELEMENTS (KOHA)
Koha item type წიგნი
ეგზემპლარები
Withdrawn status Lost status Damaged status Not for loan Date acquired Barcode Date last seen Price effective from Koha item type
        2018-12-17 38394 2018-12-17 2018-12-17 წიგნი